| 000 | 01815cam a22003975i 4500 | ||
|---|---|---|---|
| 001 | 17855500 | ||
| 003 | EG-ScBUE | ||
| 005 | 20250227094153.0 | ||
| 008 | 130816t2014 nyua fr 001 0 eng d | ||
| 020 | _a9780071822527 (paperback) | ||
| 020 | _a0071822526 (paperback) | ||
| 040 |
_aEG-ScBUE _beng _erda _cEG-ScBUE _dEG-ScBUE |
||
| 082 | 0 | 4 |
_a519.5076 _bSPI _222 |
| 100 | 1 |
_aSpiegel, Murray R., _eauthor. _92617 |
|
| 245 | 1 | 0 |
_aStatistics / _cMurray R. Spiegel, Ph.D., Former Professor and Chairman, Mathematics Department, Rensselaer Polytechnic Institute, Hartford Graduate Center, Larry J. Stephens., Ph.D., Full Professor, Mathematics Department, University of Nebraska at Omaha. |
| 246 | 3 | 3 | _aSchaum’s outlines of Statistics |
| 250 | _aFifth edition. | ||
| 264 | 1 |
_aNew York : _bMcGraw-Hill, _c[2014] |
|
| 264 | 4 | _cc2014 | |
| 300 |
_axix, 577 pages : _billustrations ; _c28 cm. |
||
| 336 |
_2rdacontent _atext _btxt |
||
| 337 |
_aunmediated _2rdamedia _bn |
||
| 338 |
_avolume _bnc _2rdacarrier |
||
| 490 | 0 | _aSchaum’s outline series | |
| 500 | _a"508 fully solved problems,25 problem-solving videos online."--Cover. | ||
| 500 | _aIncludes index. | ||
| 500 | _aIncludes appendix. | ||
| 520 | _aWith 508 solved problems, this book includes: information on frequency distribution, elementary probability theory, elementary sampling theory, statistical decision theory, and analysis of variance; and concise explanation of all course concepts.-- | ||
| 650 | 7 |
_aMathematical statistics _vProblems, exercises, etc. _2BUEsh _941268 |
|
| 650 | 7 |
_aStatistics _vProblems, exercises, etc. _2BUEsh _94000 |
|
| 653 |
_bBUSECO _bCOMAME _cJune2015 _cOctober2015 |
||
| 653 |
_bENGELC _cOctober2016 |
||
| 655 |
_vReading book _934232 |
||
| 700 | 1 |
_aStephens, Larry J., _941314 _eauthor. |
|
| 942 |
_2ddc _cBB |
||
| 999 |
_c19831 _d19803 |
||